Normal view
MARC view
- Muhammad Asim Alhaddad
Entry Personal Name
001 - CONTROL NUMBER
- control field: 9068
003 - CONTROL NUMBER IDENTIFIER
- control field: NUST
005 - DATE AND TIME OF LATEST TRANSACTION
- control field: 20180119113357.0
008 - FIXED-LENGTH DATA ELEMENTS
- fixed length control field: 180119|| aca||aabn | a|a d
040 ## - CATALOGING SOURCE
- Original cataloging agency: NUST
- Transcribing agency: NUST
100 ## - HEADING--PERSONAL NAME
- Personal name: Muhammad Asim Alhaddad
670 ## - SOURCE DATA FOUND
- Source citation: Work cat.: (NUST)300362: Muhammad Asim Alhaddad, Islamic Jurisprudence Part I & II, 2005
